STUDENTS & SOLUTIONS / (Record no. 616672)
[ view plain ]
| 000 -LEADER | |
|---|---|
| fixed length control field | 00233nam a22000977a 4500 |
| 040 ## - CATALOGING SOURCE | |
| Transcribing agency | FIZZA ISHAQ |
| 082 ## - DEWEY DECIMAL CLASSIFICATION NUMBER | |
| Classification number | 276.12 |
| Author Mark | MOH |
| 100 ## - MAIN ENTRY--PERSONAL NAME | |
| Personal name | THIOLA,F.MOHIO. |
| 9 (RLIN) | 133708 |
| 245 ## - TITLE STATEMENT | |
| Title | STUDENTS & SOLUTIONS / |
| Statement of responsibility, etc. | MOHIO F.THIOLA. |
| 942 ## - ADDED ENTRY ELEMENTS (KOHA) | |
| Source of classification or shelving scheme | |
| Koha item type | Book |
| Withdrawn status | Lost status | Source of classification or shelving scheme | Damaged status | Not for loan | Permanent Location | Current Location | Shelving location | Date acquired | Total Checkouts | Full call number | Barcode | Date last seen | Price effective from | Koha item type |
|---|---|---|---|---|---|---|---|---|---|---|---|---|---|---|
| NUST Baluchistan Campus (NBC) | NUST Baluchistan Campus (NBC) | General Stacks | 03/13/2026 | 276.12 MOH | QD-276.12 | 03/13/2026 | 03/13/2026 | Book |
